Guitar Brands - Sudden Death - Statistics

General Stats
  • This quiz has been taken 191 times
  • The average score is 9 of 20
Answers on the Grid
Answers color-coded by a green-red scale on the quiz's grid according to % correct below.
Fender
Sunhollow
Gretsch
Silverdune
Kasabian
Yamaha
Steinberger
Mandalore
Takamine
Dragonfly
Gladius
Rickenbacker
Grundig
Jolana
Casanova
Zafina
Lumirex
Gibson
Voltara
Fernandes
Divano
Godin
Morningstar
Taylor
Arcanine
Zemaitis
Stormbridge
Charvel
Schecter
Orion
Ibanez
Dorset
Squier
Olmec
ESP
Frostbite
Driftwood
PRS
Jackson
Farida
 
Answer Stats
Answer % Correct
Fender
75%
Gibson
75%
Yamaha
75%
Ibanez
74%
Squier
66%
ESP
65%
Gretsch
64%
Jackson
59%
Rickenbacker
59%
Taylor
53%
PRS
52%
Schecter
49%
Takamine
34%
Charvel
31%
Steinberger
30%
Godin
28%
Fernandes
16%
Zemaitis
12%
Farida
4%
Jolana
1%
No matching quizzes found
Score Distribution
Percent of People with Each Score
Percentile by Number Answered
Your Score History
You have not taken this quiz